00382nam a22001217a 4500008004100000040005500041080002200096245004000118260003700158300001100195650002400206653003000230230331b |||||||| |||| 00| 0 eng d aNational Science LibrarycNational Science Library aD 778.6(03)bK2.1 aEncyclopedia of colour photography  aLondon: bFountain Press, c1962 a177p.  aColour photography  aPhotography encyclopedia